[Event "II Festival A"]
[Site "Cortina d'Ampezzo ITA"]
[Date "2004.07.13"]
[Round "3"]
[White "Drazic, Sinisa"]
[Black "Guido, Flavio"]
[Result "1-0"]
[WhiteElo "2461"]
[BlackElo "2338"]
[PlyCount "101"]
[EventDate "2004.07.11"]

1. c4 Nf6 2. d4 e6 3. Nc3 Bb4 4. e3 O-O 5. Nf3 d5 6. Bd3 c5 7. a3 Bxc3+ 8. bxc3
dxc4 9. Bxc4 Qc7 10. Ba2 Nc6 11. O-O e5 12. h3 b6 13. d5 e4 14. dxc6 exf3 15.
Qxf3 Qe5 16. Qe2 Qc7 17. Qf3 Qe5 18. Qe2 Qc7 19. e4 Qxc6 20. e5 Bb7 21. f3 Rfe8
22. Re1 Nd5 23. Bd2 f6 24. f4 fxe5 25. fxe5 Re6 26. Rf1 Rae8 27. Rae1 h6 28.
Rf5 Qc7 29. Ref1 Rxe5 30. Qf3 Rxf5 31. Qxf5 c4 32. Bxc4 Qc5+ 33. Kh1 Qxc4 34.
Qf7+ Kh7 35. Rf6 Nxf6 36. Qxc4 Bd5 37. Qd3+ Re4 38. Be3 Bc4 39. Qb1 Kg8 40. Bd4
Rf4 41. Qb4 b5 42. Qd6 Nd5 43. Qb8+ Rf8 44. Qxa7 Rf7 45. Qb8+ Kh7 46. Qe5 Nf4
47. Kh2 Bf1 48. Qe4+ Kg8 49. Bc5 Bc4 50. Bd6 Nd3 51. a4 1-0

[Event "II Festival A"]
[Site "Cortina d'Ampezzo ITA"]
[Date "2004.07.13"]
[Round "3"]
[White "Efimov, Igor"]
[Black "Beccaris, Gabriele"]
[Result "1-0"]
[WhiteElo "2491"]
[BlackElo "2081"]
[PlyCount "99"]
[EventDate "2004.07.11"]

1. e4 c5 2. Nf3 a6 3. c4 Nc6 4. d4 cxd4 5. Nxd4 e5 6. Nf5 d5 7. cxd5 Bxf5 8.
exf5 Nd4 9. Bd3 Nf6 10. O-O Nxd5 11. Re1 Bd6 12. Bc4 Ne7 13. f6 gxf6 14. Nc3
Bb4 15. a3 Bxc3 16. bxc3 Ndf5 17. Qf3 Qc8 18. Bd3 Rb8 19. a4 Qe6 20. Ba3 Nd6
21. Rab1 O-O 22. Rb4 f5 23. Rb6 Rfd8 24. Qg3+ Ng6 25. c4 Ne4 26. Rxe6 Nxg3 27.
Rd6 Rxd6 28. Bxd6 Rd8 29. c5 Ne4 30. Bxe4 fxe4 31. h4 h5 32. Rxe4 b6 33. Bxe5
bxc5 34. Bf6 Rc8 35. Kf1 c4 36. Bc3 Rc6 37. Re8+ Kh7 38. g3 f5 39. Rd8 Kh6 40.
Rd7 f4 41. Kg2 Re6 42. Rc7 Ne7 43. Bd2 Nd5 44. Rxc4 Kg6 45. Bxf4 Nxf4+ 46. Rxf4
Rb6 47. Rc4 Kh6 48. a5 Rd6 49. Rb4 Kg7 50. Rb6 1-0

[Event "II Festival A"]
[Site "Cortina d'Ampezzo ITA"]
[Date "2004.07.13"]
[Round "3"]
[White "Forno, Roberto"]
[Black "Cardili, Mariano"]
[Result "1/2-1/2"]
[WhiteElo "2015"]
[BlackElo "1997"]
[PlyCount "151"]
[EventDate "2004.07.11"]

1. d4 d5 2. c4 c6 3. Nf3 Nf6 4. Nc3 dxc4 5. a4 Bf5 6. e3 e6 7. Bxc4 Bb4 8. O-O
Nbd7 9. Bd3 Bg4 10. h3 Bh5 11. e4 O-O 12. e5 Nd5 13. Ne4 Be7 14. Ng3 Bg6 15.
Bxg6 hxg6 16. Ne4 c5 17. dxc5 Nxc5 18. Nxc5 Bxc5 19. Qe2 Rc8 20. Bg5 Qb6 21.
Rac1 Rc7 22. Kh2 Rfc8 23. Rc4 a5 24. Bh4 Be7 25. Rxc7 Rxc7 26. Bxe7 Nxe7 27.
Rd1 Nd5 28. Nd4 Qb4 29. Nb5 Rc8 30. Rd4 Qc5 31. Rd2 Qc4 32. Qxc4 Rxc4 33. b3
Rc1 34. Kg3 f6 35. Re2 Nc3 36. Re3 Nxb5 37. axb5 Kf7 38. Rd3 fxe5 39. Rd7+ Kf6
40. Rxb7 Rc3+ 41. f3 Rxb3 42. b6 e4 43. Rb8 exf3 44. gxf3 a4 45. b7 Kf7 46. Ra8
Rxb7 47. Rxa4 Rb5 48. f4 g5 49. Kg4 Kf6 50. h4 gxf4 51. Rxf4+ Rf5 52. Ra4 Rf1
53. Ra6 Rb1 54. Kg3 Rg1+ 55. Kf4 Rc1 56. Kg3 Kf5 57. Ra8 Rc3+ 58. Kg2 e5 59.
Rg8 g6 60. Rf8+ Kg4 61. Re8 Rc2+ 62. Kf1 Kf5 63. Rf8+ Ke4 64. Rf6 Rh2 65. Rxg6
Rxh4 66. Ra6 Rh2 67. Ra4+ Kf3 68. Ra3+ Kf4 69. Ra8 e4 70. Rb8 Rd2 71. Ke1 Ke3
72. Rb3+ Rd3 73. Rb2 Ra3 74. Re2+ Kd4 75. Rd2+ Rd3 76. Ra2 1/2-1/2

[Event "II Festival A"]
[Site "Cortina d'Ampezzo ITA"]
[Date "2004.07.13"]
[Round "3"]
[White "Genocchio, Daniele"]
[Black "Lazic, Miroljub"]
[Result "0-1"]
[WhiteElo "2353"]
[BlackElo "2471"]
[PlyCount "50"]
[EventDate "2004.07.11"]

1. e4 e5 2. Nf3 Nc6 3. d4 exd4 4. Nxd4 Bb4+ 5. c3 Bc5 6. Nb3 Bb6 7. c4 d6 8.
Be2 Qh4 9. O-O Nf6 10. Nc3 Ng4 11. Bxg4 Bxg4 12. Qc2 a5 13. Bf4 O-O 14. Bg3 Qh5
15. Nd5 Nb4 16. Nxb4 axb4 17. e5 dxe5 18. c5 Ba7 19. a3 Bf5 20. Qc4 bxa3 21.
Rxa3 Be6 22. Qb4 Qe2 23. Re1 Qxb2 24. Bxe5 Bxc5 25. Bxb2 Bxb4 0-1

[Event "II Festival A"]
[Site "Cortina d'Ampezzo ITA"]
[Date "2004.07.13"]
[Round "3"]
[White "Lain, Luigi"]
[Black "Cavatorta, Fosco"]
[Result "1-0"]
[WhiteElo "2243"]
[BlackElo "2057"]
[PlyCount "71"]
[EventDate "2004.07.11"]

1. d4 d6 2. c4 e5 3. d5 Be7 4. e4 Bg5 5. Bd3 Bxc1 6. Qxc1 a5 7. Ne2 Na6 8. Nbc3
Nc5 9. Bc2 Nf6 10. f3 O-O 11. Qd2 Nfd7 12. Nd1 Nb6 13. Ne3 Bd7 14. O-O-O Nc8
15. g4 b5 16. h4 bxc4 17. Nc3 Nb6 18. Rdg1 a4 19. a3 Nb3+ 20. Bxb3 cxb3 21. g5
Rc8 22. h5 c6 23. dxc6 Rxc6 24. g6 fxg6 25. hxg6 h6 26. Rg3 Qf6 27. Kb1 Qf4 28.
Ne2 Rc2 29. Nxf4 Rxd2 30. Nfd5 Nxd5 31. Nxd5 Bb5 32. Ne7+ Kh8 33. Rxh6+ gxh6
34. g7+ Kh7 35. gxf8=N+ Kh8 36. Rg8# 1-0

[Event "II Festival A"]
[Site "Cortina d'Ampezzo ITA"]
[Date "2004.07.13"]
[Round "3"]
[White "Logallo, Claudio"]
[Black "Cetro, Carlo"]
[Result "1/2-1/2"]
[WhiteElo "2017"]
[BlackElo "2042"]
[PlyCount "145"]
[EventDate "2004.07.11"]

1. e4 e6 2. d3 c5 3. Nf3 Nc6 4. g3 g6 5. Bg2 Bg7 6. O-O Nge7 7. Re1 d6 8. c3 e5
9. a4 O-O 10. Na3 h6 11. Nd2 f5 12. Nf1 f4 13. g4 Be6 14. Bf3 Qd7 15. Qe2 Rad8
16. h3 g5 17. Nh2 d5 18. Nb1 d4 19. c4 Nb4 20. b3 a6 21. Na3 Rb8 22. Bd2 Nbc6
23. Reb1 Qd6 24. Qe1 Nb4 25. Bxb4 cxb4 26. Nc2 Nc6 27. Nf1 b6 28. Nd2 Bf6 29.
Bg2 Be7 30. f3 Na5 31. Qd1 Nb7 32. Ne1 Nc5 33. Qc2 Kg7 34. Kf2 Rfc8 35. Qb2 Qd7
36. Rc1 h5 37. Ke2 Rh8 38. Nf1 hxg4 39. hxg4 b5 40. axb5 axb5 41. Ra5 bxc4 42.
bxc4 Na4 43. Qb3 Nc3+ 44. Kf2 Ra8 45. Rca1 Rxa5 46. Rxa5 Qc7 47. Ra1 Rb8 48.
Nd2 Bd7 49. Nc2 Bc5 50. Ke1 Qb6 51. Bf1 Qh6 52. Kf2 Qh4+ 53. Kg1 Qg3+ 54. Bg2
Qh4 55. Kf1 Qh8 56. Ra5 Qf8 57. Na1 Ra8 58. Rxa8 Qxa8 59. Qb2 Nd1 60. Qb1 Ne3+
61. Kf2 Qh8 62. Qh1 Qxh1 63. Bxh1 Ba4 64. Nab3 Bxb3 65. Nxb3 Bb6 66. Ke2 Kf6
67. Kf2 Ke6 68. Bg2 Nd1+ 69. Kg1 Kd6 70. Bf1 Nb2 71. Be2 Na4 72. Kf1 Nc5 73.
Nxc5 1/2-1/2

[Event "II Festival A"]
[Site "Cortina d'Ampezzo ITA"]
[Date "2004.07.13"]
[Round "3"]
[White "Molina, Fabrizio"]
[Black "Vezzosi, Paolo"]
[Result "1/2-1/2"]
[WhiteElo "2246"]
[BlackElo "2350"]
[PlyCount "70"]
[EventDate "2004.07.11"]

1. c4 e6 2. Nf3 d5 3. b3 f5 4. Bb2 Nf6 5. g3 Bd6 6. Bg2 O-O 7. O-O c6 8. d3
Nbd7 9. Qc2 Qe8 10. Nbd2 f4 11. Rae1 fxg3 12. hxg3 Qh5 13. e4 dxe4 14. dxe4 Ng4
15. Re2 e5 16. a3 a5 17. Bc3 Nc5 18. b4 Ne6 19. Qd3 axb4 20. axb4 Be7 21. Rd1
b6 22. Nf1 Rd8 23. Qc2 Ba6 24. Rxd8+ Rxd8 25. Qa2 Ra8 26. c5 Kf7 27. cxb6 Bb7
28. Qc4 Ra6 29. Ne3 Bf6 30. Nxg4 Qxg4 31. Bxe5 Rxb6 32. Rd2 Bc8 33. Bxf6 gxf6
34. Rd6 Ba6 35. Qb3 Ke7 1/2-1/2

[Event "II Festival A"]
[Site "Cortina d'Ampezzo ITA"]
[Date "2004.07.13"]
[Round "3"]
[White "Navarro, Stefano"]
[Black "Rombaldoni, Denis"]
[Result "0-1"]
[WhiteElo "2117"]
[BlackElo "2224"]
[PlyCount "154"]
[EventDate "2004.07.11"]

1. e4 c6 2. d4 d5 3. e5 Bf5 4. Nf3 e6 5. Be2 Nd7 6. Be3 Bg6 7. O-O Nh6 8. Qd2
Nf5 9. Ne1 Be7 10. Nc3 O-O 11. Nd3 f6 12. exf6 Bxf6 13. Nf4 Bf7 14. Bg4 Re8 15.
Bxf5 exf5 16. Nh3 Nf8 17. Bg5 Ne6 18. Bxf6 Qxf6 19. Ne2 Re7 20. c3 Rae8 21.
Rae1 Nf8 22. Nc1 Nd7 23. Nd3 h6 24. Kh1 Bh5 25. Rxe7 Rxe7 26. Re1 g5 27. Ng1 f4
28. f3 Bg6 29. Re2 Kf7 30. Nh3 Re6 31. Nhf2 Bf5 32. Qe1 Rxe2 33. Qxe2 Qe6 34.
Qxe6+ Kxe6 35. Kg1 b6 36. Kf1 c5 37. Ke2 c4 38. Ne1 b5 39. a3 Nb8 40. g3 fxg3
41. hxg3 Nc6 42. g4 Bh7 43. Nh3 a5 44. f4 gxf4 45. g5 Kf5 46. gxh6 b4 47. axb4
axb4 48. Nf3 b3 49. Nfg5 Bg6 50. Nf3 Bh7 51. Nhg5 Kg6 52. Nxh7 Kxh7 53. Ng5+
Kxh6 54. Ne6 Ne7 55. Nxf4 Kg5 56. Ng2 Nc8 57. Kd2 Nb6 58. Kc1 Kf5 59. Ne3+ Ke4
60. Ng4 Kd3 61. Ne5+ Ke2 62. Nc6 Nd7 63. Nb4 Nf6 64. Nc6 Nh5 65. Nb4 Nf4 66.
Kb1 Kd1 67. Nc6 Ng2 68. Ne7 Ne3 69. Ng6 Nf1 70. Nf4 Nd2+ 71. Ka1 Kc1 72. Nxd5
Ne4 73. Nf4 Nxc3 74. d5 Nb5 75. Ne2+ Kc2 76. d6 Nxd6 77. Nc3 Nb7 0-1

[Event "II Festival A"]
[Site "Cortina d'Ampezzo ITA"]
[Date "2004.07.13"]
[Round "3"]
[White "Poropat, Marijan"]
[Black "Bisignano, Giuseppe"]
[Result "1-0"]
[WhiteElo "2126"]
[BlackElo "1958"]
[PlyCount "71"]
[EventDate "2004.07.11"]

1. d4 Nf6 2. Nf3 e6 3. Bg5 h6 4. Bh4 Be7 5. c4 c5 6. Nc3 cxd4 7. Nxd4 a6 8. e3
O-O 9. Be2 d6 10. O-O e5 11. Nc2 Be6 12. Bg3 Nbd7 13. e4 Rc8 14. Ne3 Nc5 15. f3
Qb6 16. Qd2 Ncd7 17. Bf2 Qd8 18. Rfd1 Nh5 19. g3 Rc6 20. Bf1 Bg5 21. b3 Qb8 22.
h4 Bxe3 23. Qxe3 Rfc8 24. Rac1 Nb6 25. Nd5 Bxd5 26. exd5 Rc5 27. Qe1 Qc7 28.
Bxc5 Qxc5+ 29. Kg2 Qa3 30. Rc2 f5 31. Bd3 g6 32. Qe3 e4 33. fxe4 fxe4 34. Qxe4
Ng7 35. Qxg6 Rc7 36. Rf2 1-0

[Event "II Festival A"]
[Site "Cortina d'Ampezzo ITA"]
[Date "2004.07.13"]
[Round "3"]
[White "Qendro, Llambi"]
[Black "Sulava, Nenad"]
[Result "1/2-1/2"]
[WhiteElo "2343"]
[BlackElo "2482"]
[PlyCount "47"]
[EventDate "2004.07.11"]

1. d4 Nf6 2. c4 e6 3. Nc3 Bb4 4. Qc2 Nc6 5. Nf3 d5 6. Bg5 dxc4 7. e3 Qd5 8.
Bxf6 gxf6 9. Nd2 Qg5 10. Nxc4 Bd7 11. a3 Qg6 12. Qb3 Bxc3+ 13. Qxc3 O-O-O 14.
O-O-O Kb8 15. g3 Ne7 16. Bg2 Bc6 17. Bxc6 Nxc6 18. Qc2 Rd5 19. f4 Rhd8 20. Nd2
Ne7 21. Qxg6 hxg6 22. Ne4 Ng8 23. h4 b6 24. g4 1/2-1/2

[Event "II Festival A"]
[Site "Cortina d'Ampezzo ITA"]
[Date "2004.07.13"]
[Round "3"]
[White "Quaranta, Cristiano"]
[Black "Papa, Angelo"]
[Result "1-0"]
[WhiteElo "2110"]
[BlackElo "1904"]
[PlyCount "61"]
[EventDate "2004.07.11"]

1. d4 d6 2. e4 Nf6 3. Nc3 c6 4. f4 Qa5 5. Bd2 e5 6. fxe5 dxe5 7. dxe5 Ng4 8.
Nf3 Bc5 9. Qe2 Qc7 10. O-O-O Be6 11. Na4 Bb6 12. Nxb6 axb6 13. a3 O-O 14. Bc3
Nd7 15. Qe1 Ndxe5 16. Qg3 f6 17. Nd4 Qe7 18. h3 Nh6 19. Bd2 Nhf7 20. Nxe6 Qxe6
21. Kb1 Rfd8 22. Be2 c5 23. Rhf1 Kh8 24. Qh4 Ra4 25. Bc3 Rxd1+ 26. Rxd1 Ng6 27.
Qg3 Rxe4 28. Bf3 Re3 29. Qc7 Nf4 30. Qb8+ Qe8 31. Qxf4 1-0

[Event "II Festival A"]
[Site "Cortina d'Ampezzo ITA"]
[Date "2004.07.13"]
[Round "3"]
[White "Ricci, Alfredo"]
[Black "Sanzani, Pierluigi"]
[Result "0-1"]
[WhiteElo "2002"]
[BlackElo "1955"]
[PlyCount "65"]
[EventDate "2004.07.11"]

1. e4 c5 2. Nf3 d6 3. d4 cxd4 4. c3 dxc3 5. Nxc3 a6 6. Bc4 e6 7. O-O Nc6 8. Qe2
Be7 9. Rd1 Qc7 10. Bf4 Nf6 11. Rac1 O-O 12. Bb3 Qb8 13. Nd5 Nxd5 14. exd5 Nd8
15. Ng5 e5 16. Rc3 Bxg5 17. Bxg5 f6 18. Be3 b5 19. Rdc1 Nf7 20. Rc7 Bf5 21. g4
Bg6 22. h4 Nh6 23. h5 Be8 24. Bxh6 gxh6 25. Qe3 Rf7 26. Rxf7 Bxf7 27. Qxh6 f5
28. Qg5+ Kh8 29. Qxf5 Qf8 30. Bc2 Qg7 31. Be4 Rg8 32. Rc7 Qxg4+ 33. Kf1 0-1

[Event "II Festival A"]
[Site "Cortina d'Ampezzo ITA"]
[Date "2004.07.13"]
[Round "3"]
[White "Rocchetti, Marco"]
[Black "Dvirnyy, Danyyil"]
[Result "0-1"]
[WhiteElo "1978"]
[BlackElo "1968"]
[PlyCount "110"]
[EventDate "2004.07.11"]

1. d4 Nf6 2. Nf3 g6 3. Bf4 Bg7 4. e3 d6 5. h3 O-O 6. Be2 Nbd7 7. O-O b6 8. c4
Bb7 9. Nc3 Re8 10. Qc2 c5 11. d5 h6 12. e4 Nf8 13. Rad1 N6d7 14. Rfe1 g5 15.
Bg3 Ng6 16. Qd2 Nde5 17. Nh2 Ba6 18. b3 Kh7 19. Bh5 Rf8 20. a4 Bc8 21. Ne2 a6
22. f4 gxf4 23. Nxf4 Bd7 24. Rf1 b5 25. axb5 axb5 26. Nxg6 fxg6 27. Rxf8 Qxf8
28. Rf1 Qe8 29. Be2 Ra3 30. Nf3 Rxb3 31. Bxe5 dxe5 32. Qa2 Rb4 33. Nh4 Bf6 34.
Nf3 Kg7 35. cxb5 Rxe4 36. Bd3 Rb4 37. Qa6 e4 38. Bxe4 Rxe4 39. d6 Bxb5 40. Qb7
Bc6 41. Qa7 Ra4 42. Qc7 Qd7 43. Qxd7 Bxd7 44. dxe7 Ra1 45. Rxa1 Bxa1 46. Nd2
Bf6 47. Nc4 Bxe7 48. Kf2 Kf6 49. g4 Be6 50. Nd2 Bd5 51. Nf1 Ke5 52. Kg3 Bg5 53.
h4 Bf4+ 54. Kf2 c4 55. h5 g5 0-1

[Event "II Festival A"]
[Site "Cortina d'Ampezzo ITA"]
[Date "2004.07.13"]
[Round "3"]
[White "Tamburini, Lorenzo"]
[Black "Mariano, Elia"]
[Result "1-0"]
[WhiteElo "2078"]
[BlackElo "2212"]
[PlyCount "55"]
[EventDate "2004.07.11"]

1. e4 e6 2. Nf3 d5 3. Nc3 Nf6 4. e5 Nfd7 5. d4 c5 6. Bb5 a6 7. Bxd7+ Bxd7 8.
O-O Nc6 9. Re1 Rc8 10. Ne2 cxd4 11. Nexd4 Be7 12. c3 O-O 13. Bf4 Na5 14. Qd3
Nc4 15. Rab1 b5 16. b3 Na3 17. Rbc1 a5 18. Nd2 b4 19. cxb4 axb4 20. Qg3 Rxc1
21. Rxc1 Kh8 22. N2f3 f6 23. exf6 gxf6 24. Nc6 Bxc6 25. Rxc6 Nb5 26. Ne5 Nd4
27. Qg4 Nxc6 28. Bh6 1-0

[Event "II Festival A"]
[Site "Cortina d'Ampezzo ITA"]
[Date "2004.07.13"]
[Round "3"]
[White "Ventura, Sergio"]
[Black "Gardi, Giuseppe"]
[Result "0-1"]
[WhiteElo "2175"]
[BlackElo "2061"]
[PlyCount "80"]
[EventDate "2004.07.11"]

1. f4 g6 2. Nf3 Bg7 3. e3 d5 4. d4 Nf6 5. Bd3 O-O 6. c3 c5 7. O-O b6 8. Nbd2
Ba6 9. Bxa6 Nxa6 10. Qe2 Qc8 11. Ne5 Nc7 12. g4 Nce8 13. g5 Ne4 14. Nxe4 dxe4
15. Bd2 Nd6 16. Ng4 Nf5 17. Nf2 Qb7 18. Rad1 Nh4 19. Bc1 Nf3+ 20. Kg2 Nh4+ 21.
Kh3 Nf5 22. dxc5 bxc5 23. Qc4 Nd6 24. Qxc5 h6 25. Kg2 Qa6 26. h3 hxg5 27. Qxg5
Bf6 28. Qg4 Kg7 29. a3 Rh8 30. Rd5 e6 31. Rd2 Rh4 32. Qe2 Qc6 33. Rfd1 Nf5 34.
Rd7 Rah8 35. Rxa7 Rxf4 36. exf4 e3+ 37. Kh2 exf2 38. Be3 Qe4 39. Qxf2 Nxe3 40.
Rg1 Bh4 0-1

[Event "II Festival A"]
[Site "Cortina d'Ampezzo ITA"]
[Date "2004.07.13"]
[Round "3"]
[White "Xia, Jie"]
[Black "Tomba, Ivan"]
[Result "0-1"]
[WhiteElo "2126"]
[BlackElo "2292"]
[PlyCount "76"]
[EventDate "2004.07.11"]

1. e4 c5 2. Nf3 d6 3. d4 cxd4 4. Nxd4 Nf6 5. Nc3 a6 6. Bc4 e6 7. Bb3 b5 8. O-O
Be7 9. f4 O-O 10. Be3 Qc7 11. f5 e5 12. Nf3 Bb7 13. Nd5 Bxd5 14. Bxd5 Nxd5 15.
Qxd5 Nd7 16. Qd3 Nf6 17. Bg5 Ng4 18. Bxe7 Qxe7 19. Qe2 d5 20. Nd4 Nf6 21. Nb3
Nxe4 22. Rf3 Rfd8 23. Raf1 f6 24. Nd2 Qc5+ 25. Re3 Nxd2 26. Qxd2 d4 27. Rg3 d3+
28. Rf2 dxc2 29. Qxc2 Qd4 30. Qb3+ Kh8 31. Qe6 Rac8 32. h3 Rc1+ 33. Kh2 Qxf2
34. Rxg7 Qg1+ 35. Kg3 Qe1+ 36. Kh2 Qh1+ 37. Kg3 Rd3+ 38. Kh4 Rc4+ 0-1

[Event "II Festival A"]
[Site "Cortina d'Ampezzo ITA"]
[Date "2004.07.13"]
[Round "3"]
[White "Zoldan, Matteo"]
[Black "Boscolo, Marco"]
[Result "1/2-1/2"]
[WhiteElo "2103"]
[BlackElo "1898"]
[PlyCount "108"]
[EventDate "2004.07.11"]

1. e4 e6 2. d4 d5 3. Nc3 Nf6 4. Bg5 Be7 5. e5 Nfd7 6. Bxe7 Qxe7 7. f4 a6 8. Nf3
c5 9. Qd2 Nc6 10. dxc5 Qxc5 11. O-O-O b5 12. Nd4 Nxd4 13. Qxd4 Bb7 14. Qxc5
Nxc5 15. Rd4 Bc6 16. Bd3 Rb8 17. a3 Nd7 18. Re1 g6 19. g4 Nb6 20. h4 Ke7 21.
Bf1 h5 22. g5 Rhc8 23. Re3 Rc7 24. Be2 Bd7 25. Kb1 Rcb7 26. Kc1 Rc7 27. Bf1
Rbc8 28. Kb1 Rc5 29. Be2 R8c7 30. Bf1 Bc8 31. Be2 Bd7 32. Bf1 a5 33. Be2 Nc8
34. Rd2 Na7 35. Na2 Nc8 36. Rc3 Nb6 37. Rxc5 Rxc5 38. Rd4 Rc7 39. Nc3 Rc5 40.
Kc1 Nc8 41. Na2 Rc7 42. Kb1 Na7 43. Rd2 Rb7 44. b4 a4 45. c3 Rc7 46. Kb2 Nc8
47. Nc1 Nb6 48. Rd4 Rc8 49. Bd3 Rc7 50. Ne2 Rb7 51. Kc2 Rc7 52. Kd2 Rb7 53. Ke3
Rc7 54. Kd2 Rb7 1/2-1/2

[Event "II Festival A"]
[Site "Cortina d'Ampezzo ITA"]
[Date "2004.07.14"]
[Round "5"]
[White "Beccaris, Gabriele"]
[Black "Boscolo, Marco"]
[Result "0-1"]
[WhiteElo "2081"]
[BlackElo "1898"]
[PlyCount "80"]
[EventDate "2004.07.11"]

1. e4 e6 2. d4 d5 3. Nc3 Nf6 4. e5 Nfd7 5. Nce2 c5 6. c3 Nc6 7. Nf3 cxd4 8.
cxd4 f6 9. Nf4 Bb4+ 10. Bd2 Qe7 11. exf6 gxf6 12. g3 Nb6 13. b3 Bd7 14. Bh3
O-O-O 15. O-O Bxd2 16. Qxd2 e5 17. Bxd7+ Rxd7 18. Rfe1 Qg7 19. Ne2 h5 20. h4
Rg8 21. Kh2 Kb8 22. a4 Nc8 23. a5 Nd6 24. Nc3 e4 25. Ng1 Ne7 26. Qf4 Ng6 27.
Qd2 Nf5 28. Nce2 e3 29. fxe3 Ngxh4 30. e4 Nd6 31. Rf1 Ng6 32. exd5 Ne7 33. Nf3
Nxd5 34. Qd3 Re7 35. Rae1 Ne3 36. Rg1 Ndf5 37. Qb5 Qg4 38. Nd2 h4 39. Nf1 hxg3+
40. Rxg3 Nxf1+ 0-1

[Event "II Festival A"]
[Site "Cortina d'Ampezzo ITA"]
[Date "2004.07.14"]
[Round "5"]
[White "Cacco, Christian"]
[Black "Rombaldoni, Denis"]
[Result "1-0"]
[WhiteElo "2282"]
[BlackElo "2224"]
[PlyCount "129"]
[EventDate "2004.07.11"]

1. d4 d5 2. Nf3 Nf6 3. c4 e6 4. Bg5 Be7 5. Nc3 O-O 6. Qc2 h6 7. Bh4 Nbd7 8. e3
c6 9. Rd1 Qa5 10. a3 Re8 11. Nd2 a6 12. f4 Ng4 13. Bxe7 Nxe3 14. Qd3 Nxd1 15.
Bb4 Qc7 16. Nxd1 Qxf4 17. g3 Qf6 18. cxd5 exd5+ 19. Be2 a5 20. Rf1 Qe6 21. Bc3
Nf6 22. Rf3 Qh3 23. Nf1 Ng4 24. Nf2 Nxf2 25. Kxf2 Bg4 26. Re3 Bf5 27. Qd2 Be4
28. Bf3 f5 29. Bxa5 g5 30. Bc7 f4 31. gxf4 gxf4 32. Rc3 Rf8 33. Ke2 Qf5 34. Kd1
Kh7 35. Qf2 Bxf3+ 36. Qxf3 Qb1+ 37. Rc1 Qe4 38. Qf2 Ra4 39. Be5 Rg8 40. Nd2 Qe3
41. Qxe3 fxe3 42. Nf3 e2+ 43. Kd2 Ra6 44. Ne1 Rb6 45. Nd3 Rg2 46. Re1 Ra6 47.
Nc5 Ra7 48. Rxe2 Rxe2+ 49. Kxe2 b6 50. Nd3 Kg6 51. Nb4 c5 52. Nxd5 cxd4 53. Kd3
Kf5 54. Bxd4 h5 55. Nxb6 h4 56. Nc4 Ra8 57. Ne3+ Kf4 58. Nc4 h3 59. b3 Kf3 60.
Be5 Kg2 61. a4 Rd8+ 62. Ke4 Rg8 63. a5 Rg6 64. b4 Rg4+ 65. Kd5 1-0

[Event "II Festival A"]
[Site "Cortina d'Ampezzo ITA"]
[Date "2004.07.14"]
[Round "5"]
[White "Castaldo, Folco"]
[Black "Sulava, Nenad"]
[Result "0-1"]
[WhiteElo "2318"]
[BlackElo "2482"]
[PlyCount "116"]
[EventDate "2004.07.11"]

1. c4 e6 2. Nc3 b6 3. e4 Bb7 4. Nf3 Bb4 5. Bd3 Ne7 6. Qc2 O-O 7. Ne2 a5 8. a3
Bc5 9. b3 Ng6 10. Bb2 Na6 11. h4 f6 12. e5 f5 13. h5 Nh8 14. Nf4 Nf7 15. Be2
Ng5 16. d4 Be7 17. d5 Nc5 18. Rd1 Nxf3+ 19. Bxf3 Bg5 20. Ne2 Qe8 21. b4 axb4
22. axb4 Ne4 23. Nc3 Be7 24. Qb3 Ng5 25. Be2 f4 26. Bg4 Qf7 27. O-O Rae8 28.
dxe6 dxe6 29. Rd7 g6 30. Nd5 exd5 31. e6 Nxe6 32. cxd5 Ng5 33. Qc3 Bf6 34. Rxf7
Bxc3 35. Rxf8+ Kxf8 36. Bxc3 Bxd5 37. Rd1 Be6 38. Bxe6 Nxe6 39. Be5 gxh5 40. b5
Ke7 41. Rc1 Kd7 42. Rc4 Rf8 43. Rc6 Rf5 44. Bxc7 Nxc7 45. Rxb6 Rxb5 46. Rh6 Ne6
47. Rxh7+ Kd6 48. Kh2 Rg5 49. Rf7 Ke5 50. g3 Rf5 51. Ra7 Ng5 52. Ra5+ Ke4 53.
Ra3 fxg3+ 54. fxg3 Rf2+ 55. Kg1 Re2 56. Kf1 Re3 57. Ra4+ Kf3 58. Rh4 Ne4 0-1

[Event "II Festival A"]
[Site "Cortina d'Ampezzo ITA"]
[Date "2004.07.14"]
[Round "5"]
[White "Drazic, Sinisa"]
[Black "Lazic, Miroljub"]
[Result "1/2-1/2"]
[WhiteElo "2461"]
[BlackElo "2471"]
[PlyCount "120"]
[EventDate "2004.07.11"]

1. e4 Nc6 2. d4 e5 3. dxe5 Nxe5 4. Nf3 Nxf3+ 5. Qxf3 Bb4+ 6. Nc3 Qf6 7. Qxf6
Nxf6 8. Bd2 O-O 9. f3 d6 10. a3 Ba5 11. O-O-O Be6 12. Nb5 Bxd2+ 13. Rxd2 Ne8
14. Be2 a6 15. Nc3 Nf6 16. f4 Rfe8 17. Bf3 Bg4 18. Bxg4 Nxg4 19. Nd5 Rac8 20.
h3 Nh6 21. Nc3 f5 22. Re1 fxe4 23. Rxe4 Rxe4 24. Nxe4 Re8 25. Re2 Kf8 26. Kd2
Nf7 27. c4 h6 28. g3 Re7 29. Re3 Nd8 30. b4 b5 31. Kd3 bxc4+ 32. Kxc4 Ke8 33.
Kd3 Kd7 34. g4 Rf7 35. f5 Nc6 36. Kc3 Rf8 37. Ng3 Ne5 38. Nh5 g6 39. fxg6 Nxg6
40. Ng3 Nf4 41. Kb3 Nxh3 42. Nf5 Nf2 43. Nxh6 Rf6 44. Re2 Nd3 45. Rh2 Ne5 46.
Rh3 Rg6 47. Rh4 Kc6 48. Kc3 Kb6 49. Kb3 a5 50. Ka4 axb4 51. axb4 Kc6 52. Ka5
Kb7 53. b5 Rg5 54. Rh5 Rg7 55. Rh3 Rg6 56. Rh4 Kb8 57. Nf5 Rxg4 58. Rxg4 Nxg4
59. b6 Kb7 60. bxc7 Kxc7 1/2-1/2

[Event "II Festival A"]
[Site "Cortina d'Ampezzo ITA"]
[Date "2004.07.14"]
[Round "5"]
[White "Dvirnyy, Danyyil"]
[Black "Sanzani, Pierluigi"]
[Result "1-0"]
[WhiteElo "1968"]
[BlackElo "1955"]
[PlyCount "63"]
[EventDate "2004.07.11"]

1. e4 c5 2. Nf3 d6 3. d4 cxd4 4. Nxd4 Nf6 5. Nc3 g6 6. Be3 Bg7 7. f3 O-O 8. Qd2
Nc6 9. Bc4 Nd7 10. Bb3 Nb6 11. h4 Ne5 12. Qe2 h5 13. a4 a6 14. O-O-O Nbd7 15.
g4 Nf6 16. Bg5 Nfxg4 17. fxg4 Bxg4 18. Qe3 Bxd1 19. Rxd1 Kh7 20. Rf1 b5 21. Nd5
bxa4 22. Bxe7 Qa5 23. Bxf8 Rxf8 24. Ba2 Ng4 25. Qd3 Qc5 26. c3 Ne5 27. Qe2 Rc8
28. Kb1 Rb8 29. Nf3 a3 30. Ng5+ Kh6 31. b4 Qa7 32. Qd2 1-0

[Event "II Festival A"]
[Site "Cortina d'Ampezzo ITA"]
[Date "2004.07.14"]
[Round "5"]
[White "Efimov, Igor"]
[Black "Guido, Flavio"]
[Result "1/2-1/2"]
[WhiteElo "2491"]
[BlackElo "2338"]
[PlyCount "85"]
[EventDate "2004.07.11"]

1. d4 Nf6 2. Nf3 e6 3. g3 b6 4. Bg2 Bb7 5. O-O c5 6. c4 cxd4 7. Qxd4 Be7 8. Rd1
d6 9. Nc3 a6 10. b3 Nbd7 11. Bb2 O-O 12. e4 Qc7 13. Qe3 Rfe8 14. h3 Rac8 15.
Nd4 Bf8 16. Re1 Qb8 17. Rad1 Nc5 18. Re2 Qa8 19. Kh2 h6 20. Nc2 Qb8 21. Qd4
Red8 22. f3 h5 23. h4 b5 24. cxb5 axb5 25. Red2 Ba8 26. Nb4 Nfd7 27. Qe3 Ne5
28. Qe2 Nc6 29. Nxc6 Bxc6 30. b4 Nd7 31. f4 Nf6 32. Bf3 Qb7 33. a4 bxa4 34. b5
Be8 35. e5 Ng4+ 36. Bxg4 hxg4 37. exd6 a3 38. Ba1 Rc5 39. Qe3 Rc4 40. Qe5 Rb4
41. Qg5 Qb6 42. Qxg4 Bxb5 43. Nxb5 1/2-1/2

[Event "II Festival A"]
[Site "Cortina d'Ampezzo ITA"]
[Date "2004.07.14"]
[Round "5"]
[White "Fontana, Enrico"]
[Black "Ambrosi, Eleonora"]
[Result "0-1"]
[WhiteElo "2056"]
[BlackElo "2118"]
[PlyCount "72"]
[EventDate "2004.07.11"]

1. e4 c5 2. Nf3 Nc6 3. d4 cxd4 4. Nxd4 Qc7 5. Nc3 e6 6. g3 a6 7. Bg2 Nf6 8. O-O
Bc5 9. Nxc6 dxc6 10. Bg5 e5 11. h3 Be6 12. Qf3 Nd7 13. Rfd1 O-O 14. g4 Bd4 15.
Na4 f6 16. Be3 Qa5 17. Bxd4 exd4 18. Rxd4 c5 19. Rd6 Qxa4 20. b3 Qa5 21. Rxe6
Ne5 22. Qe2 Qc7 23. Rd1 Rad8 24. Rxd8 Rxd8 25. f4 Ng6 26. Qc4 Kf8 27. e5 Rd4
28. Qf1 Rxf4 29. Qd1 fxe5 30. Qd5 Rd4 31. Qxb7 Rd1+ 32. Kf2 Qd8 33. Qa8 Rd2+
34. Ke3 Nf4 35. Qxd8+ Rxd8 36. Be4 Nxe6 0-1

[Event "II Festival A"]
[Site "Cortina d'Ampezzo ITA"]
[Date "2004.07.14"]
[Round "5"]
[White "Forno, Roberto"]
[Black "Ricci, Alfredo"]
[Result "1-0"]
[WhiteElo "2015"]
[BlackElo "2002"]
[PlyCount "43"]
[EventDate "2004.07.11"]

1. d4 Nf6 2. Bg5 d5 3. e3 e6 4. Nf3 c5 5. Nbd2 Nc6 6. c3 h6 7. Bh4 Be7 8. Bd3
a6 9. O-O O-O 10. Rc1 b5 11. a3 Na5 12. Ne5 cxd4 13. exd4 Bb7 14. Bb1 Re8 15.
Qc2 g5 16. Nxf7 Kxf7 17. Qg6+ Kf8 18. Qxh6+ Kf7 19. Bg6+ Kg8 20. Bxg5 Bf8 21.
Qh4 Kg7 22. Bxf6+ 1-0